书目信息 |
| 题名: |
变迁社会中的群体诉讼
|
|
| 作者: | 王福华 著 | |
| 分册: | ||
| 出版信息: | 上海 上海人民出版社 2011.07 |
|
| 页数: | 376页 | |
| 开本: | 23cm | |
| 丛书名: | 马克思主义研究 哲学社会科学研究 | |
| 单 册: | ||
| 中图分类: | D915.204 | |
| 科图分类: | ||
| 主题词: | 民事诉讼--研究 , 民事诉讼 | |
| 电子资源: | ||
| ISBN: | 978-7-208-10075-6 | |
| 000 | 01049oam2 2200289 450 | |
| 001 | 010000010242 | |
| 005 | 20120612085352.26 | |
| 010 | @a978-7-208-10075-6@dCNY45.00 | |
| 100 | @a20110823d2011 em y0chiy50 ea | |
| 101 | 0 | @achi |
| 102 | @aCN@b310000 | |
| 105 | @ak z 000yy | |
| 106 | @ar | |
| 200 | 1 | @a变迁社会中的群体诉讼@9bian qian she hui zhong de qun ti su song@f王福华著 |
| 210 | @a上海@c上海人民出版社@d2011.07 | |
| 215 | @a376页@d23cm | |
| 225 | 2 | @a马克思主义研究 哲学社会科学研究 |
| 300 | @a上海市学术著作出版基金 | |
| 308 | @a丛书第二十三辑 | |
| 330 | @a本书分别从集团诉讼的目的、优越性衡量、代表人资格、集团的形成、集团诉讼费用机制以及集团诉讼判决的执行等具体问题入手,系统描述和解释了群体诉讼制度的规范、实践和制度环境,对我国群体诉讼制度的构建及运行有重要的借鉴价值。 | |
| 461 | 0 | @12001 @a马克思主义研究 哲学社会科学研究 |
| 606 | 0 | @a民事诉讼@x研究 |
| 606 | 0 | @a民事诉讼 |
| 690 | @aD915.204@v4 | |
| 701 | 0 | @a王福华@9wang fu hua@4著 |
| 801 | 0 | @aCN@bRENTIAN@c20110823 |
| 905 | @b539588-92@dD915.204@e446@f5 | |
| 变迁社会中的群体诉讼/王福华著.-上海:上海人民出版社,2011.07 |
| 376页;23cm.-(马克思主义研究 哲学社会科学研究) |
| 上海市学术著作出版基金 |
| ISBN 978-7-208-10075-6:CNY45.00 |
| 本书分别从集团诉讼的目的、优越性衡量、代表人资格、集团的形成、集团诉讼费用机制以及集团诉讼判决的执行等具体问题入手,系统描述和解释了群体诉讼制度的规范、实践和制度环境,对我国群体诉讼制度的构建及运行有重要的借鉴价值。 |
| ● |
| 相关链接 |
|
|
|
|
正题名:变迁社会中的群体诉讼
索取号:D915.204/446
 
预约/预借
| 序号 | 登录号 | 条形码 | 馆藏地/架位号 | 状态 | 备注 |
| 1 | 539588 | 205395883 | 第一样本阅览室/ [索取号:D915.204/446] | 在馆 | |
| 2 | 539589 | 205395892 | 第一借阅区/ [索取号:D915.204/446] | 在馆 | |
| 3 | 539590 | 205395909 | 第一借阅区/ [索取号:D915.204/446] | 在馆 | |
| 4 | 539591 | 205395918 | 第一借阅区/ [索取号:D915.204/446] | 在馆 | |
| 5 | 539592 | 205395927 | 第一借阅区/ [索取号:D915.204/446] | 在馆 |